书目信息 |
| 题名: |
水力学与水文测验基础知识
|
|
| 作者: | 吴中贻 主编 | |
| 分册: | ||
| 出版信息: | 郑州 黄河水利出版社 1996.03 |
|
| 页数: | 201页 | |
| 开本: | 32开 | |
| 丛书名: | ||
| 单 册: | ||
| 中图分类: | TV13 | |
| 科图分类: | ||
| 主题词: | 水力学 , 热工水力学 | |
| 电子资源: | ||
| ISBN: | 7-80621-095-4 | |
| 000 | 00599nam0 2200205 45 | |
| 001 | 0012131515 | |
| 005 | 20001214083355.1 | |
| 010 | @a7-80621-095-4@d19.00元 | |
| 100 | @a20001213d1996 km y0chiy0120 ea | |
| 101 | 0 | @achi |
| 105 | @a z 000yy | |
| 200 | 1 | @a水力学与水文测验基础知识@AShui Li Xue Yu Shui Wen Ce Yan Ji Chu Zhi Shi@f吴中贻主编@FWu Zhong Yi Zhu Bian |
| 210 | @a郑州@c黄河水利出版社@d1996.03 | |
| 215 | @a201页@d32开 | |
| 606 | 0 | @a水力学 |
| 606 | 0 | @a热工水力学 |
| 690 | @aTV13@v3 | |
| 701 | 0 | @a吴中贻@4主编 |
| 801 | @aCN@bPftUser@c20001213 | |
| 905 | @b312475-479@dTV13@eW931@f5 | |
| 水力学与水文测验基础知识/吴中贻主编.-郑州:黄河水利出版社,1996.03 |
| 201页;32开 |
| ISBN 7-80621-095-4:19.00元 |
| ● |
| 相关链接 |
|
|
|
正题名:水力学与水文测验基础知识
索取号:TV13/W931
 
预约/预借
| 序号 | 登录号 | 条形码 | 馆藏地/架位号 | 状态 | 备注 |
| 1 | 312475 | 203124751 | 自科库501/501自科库 47排4列3层/ [索取号:TV13/W931] | 在馆 | |
| 2 | 312476 | 203124760 | 市政与环境工程学院资料室/501自科库 47排4列3层/ [索取号:TV13/W931] | 在馆 | |
| 3 | 312477 | 203124779 | 自科库501/501自科库 47排4列3层/ [索取号:TV13/W931] | 在馆 | |
| 4 | 312478 | 203124788 | 自科库501/501自科库 47排4列3层/ [索取号:TV13/W931] | 在馆 | |
| 5 | 312479 | 203124797 | 市政与环境工程学院资料室/501自科库 47排4列3层/ [索取号:TV13/W931] | 在馆 |